<?xml version="1.0" encoding="UTF-8"?>
<record
    xmlns:xsi="http://www.w3.org/2001/XMLSchema-instance"
    xsi:schemaLocation="http://www.loc.gov/MARC21/slim http://www.loc.gov/standards/marcxml/schema/MARC21slim.xsd"
    xmlns="http://www.loc.gov/MARC21/slim">

  <leader>01019nam a2200301 a 4500</leader>
  <controlfield tag="001">BD-DhNSU-30953</controlfield>
  <controlfield tag="003">BD-DhNSU</controlfield>
  <controlfield tag="005">20260422163839.0</controlfield>
  <controlfield tag="008">260406s1975    bg ||||g vwg| 000 0|eng d</controlfield>
  <datafield tag="040" ind1=" " ind2=" ">
    <subfield code="a">DLC</subfield>
    <subfield code="c">BD-DhNSU</subfield>
    <subfield code="d">BD-DhNSU</subfield>
  </datafield>
  <datafield tag="041" ind1=" " ind2=" ">
    <subfield code="a">eng</subfield>
  </datafield>
  <datafield tag="050" ind1="0" ind2="0">
    <subfield code="a">KNG19</subfield>
    <subfield code="b">.A2D33 1975</subfield>
  </datafield>
  <datafield tag="245" ind1="0" ind2="4">
    <subfield code="a">The Dacca law reports :</subfield>
    <subfield code="b">(a monthly law journal) ,</subfield>
    <subfield code="n">Vol. 27 /</subfield>
    <subfield code="c">edited by Obaidul Huq Chowdhury.</subfield>
  </datafield>
  <datafield tag="246" ind1="0" ind2=" ">
    <subfield code="a">DLR :</subfield>
    <subfield code="b">Volume XXVII</subfield>
  </datafield>
  <datafield tag="260" ind1=" " ind2=" ">
    <subfield code="a">Dhaka :</subfield>
    <subfield code="b">Dacca Law Reports,</subfield>
    <subfield code="c">c1975.</subfield>
  </datafield>
  <datafield tag="300" ind1=" " ind2=" ">
    <subfield code="a">vp ;</subfield>
    <subfield code="c">25 cm.</subfield>
  </datafield>
  <datafield tag="500" ind1=" " ind2=" ">
    <subfield code="a">"A journal of law reports."</subfield>
  </datafield>
  <datafield tag="500" ind1=" " ind2=" ">
    <subfield code="a">Cit. 27 DLR (AD); 27 DLR etc.</subfield>
  </datafield>
  <datafield tag="526" ind1="0" ind2=" ">
    <subfield code="a">Law</subfield>
  </datafield>
  <datafield tag="590" ind1=" " ind2=" ">
    <subfield code="a">Nuri Mahajabi</subfield>
  </datafield>
  <datafield tag="590" ind1=" " ind2=" ">
    <subfield code="a">Sumaiya Kainat Bintey Kohinoor</subfield>
  </datafield>
  <datafield tag="650" ind1=" " ind2="0">
    <subfield code="a">Law reports, digests, etc.</subfield>
    <subfield code="z">Bangladesh.</subfield>
  </datafield>
  <datafield tag="650" ind1=" " ind2="0">
    <subfield code="a">Law reports, digests, etc.</subfield>
    <subfield code="z">India</subfield>
    <subfield code="z">Bengal.</subfield>
  </datafield>
  <datafield tag="700" ind1=" " ind2=" ">
    <subfield code="a">Chowdhury, Obaidul Huq</subfield>
    <subfield code="e">editor</subfield>
  </datafield>
  <datafield tag="710" ind1="2" ind2=" ">
    <subfield code="a">Bangladesh.</subfield>
    <subfield code="b">The Appellate Division, Supreme Court.</subfield>
  </datafield>
  <datafield tag="710" ind1="2" ind2=" ">
    <subfield code="a">East Pakistan (Pakistan).</subfield>
    <subfield code="b">High Court of Judicature.</subfield>
  </datafield>
  <datafield tag="942" ind1=" " ind2=" ">
    <subfield code="2">lcc</subfield>
    <subfield code="c">BK</subfield>
  </datafield>
  <datafield tag="952" ind1=" " ind2=" ">
    <subfield code="0">0</subfield>
    <subfield code="1">0</subfield>
    <subfield code="2">lcc</subfield>
    <subfield code="4">0</subfield>
    <subfield code="7">1</subfield>
    <subfield code="8">REF</subfield>
    <subfield code="a">LCR</subfield>
    <subfield code="b">LCR</subfield>
    <subfield code="c">GEN</subfield>
    <subfield code="d">2026-04-05</subfield>
    <subfield code="e">BM Book Traders</subfield>
    <subfield code="f">BDT</subfield>
    <subfield code="g">1350.00</subfield>
    <subfield code="h">vol-27</subfield>
    <subfield code="i">086:2026</subfield>
    <subfield code="l">0</subfield>
    <subfield code="o">KNG19.A2D33 1975</subfield>
    <subfield code="p">49191</subfield>
    <subfield code="r">2026-04-06 12:16:27</subfield>
    <subfield code="t">2</subfield>
    <subfield code="w">2026-03-31</subfield>
    <subfield code="y">BK</subfield>
  </datafield>
  <datafield tag="952" ind1=" " ind2=" ">
    <subfield code="0">0</subfield>
    <subfield code="1">0</subfield>
    <subfield code="2">lcc</subfield>
    <subfield code="4">0</subfield>
    <subfield code="7">1</subfield>
    <subfield code="8">REF</subfield>
    <subfield code="a">NSUL</subfield>
    <subfield code="b">NSUL</subfield>
    <subfield code="c">REF</subfield>
    <subfield code="d">2021-01-13</subfield>
    <subfield code="e">Anupam Gyan Bhandar</subfield>
    <subfield code="f">BDT</subfield>
    <subfield code="g">750.00</subfield>
    <subfield code="h">vol-27</subfield>
    <subfield code="i">268/12</subfield>
    <subfield code="l">0</subfield>
    <subfield code="o">KNG19.A2D33 1975</subfield>
    <subfield code="p">48082</subfield>
    <subfield code="r">2026-04-22 16:40:02</subfield>
    <subfield code="t">1</subfield>
    <subfield code="w">2012-11-06</subfield>
    <subfield code="y">BK</subfield>
  </datafield>
  <datafield tag="999" ind1=" " ind2=" ">
    <subfield code="c">30953</subfield>
    <subfield code="d">30953</subfield>
  </datafield>
</record>
